Study on integrated development program by "prasac II kompong speu program" in oudong district សិក្សាលើកម្មវិធីអភិវឌ្ឍន៏ចំរុះរបស់់កម្មវធីប្រាសាក់ពីរ ខេត្ដកំពង់ស្ពឺ នៅស្រុកឧដុង្គ (Record no. 532)
[ view plain ]
| 000 -LEADER | |
|---|---|
| fixed length control field | 00719nam a22001577a 4500 |
| 003 - CONTROL NUMBER IDENTIFIER | |
| control field | OSt |
| 005 - DATE AND TIME OF LATEST TRANSACTION | |
| control field | 20150916090545.0 |
| 008 - FIXED-LENGTH DATA ELEMENTS--GENERAL INFORMATION | |
| fixed length control field | 150916b xxu||||| |||| 00| 0 eng d |
| 040 ## - CATALOGING SOURCE | |
| Transcribing agency | RUA |
| 082 ## - DEWEY DECIMAL CLASSIFICATION NUMBER | |
| Classification number | AGR KON 2003 B028 Or.1 |
| 100 ## - MAIN ENTRY--PERSONAL NAME | |
| 9 (RLIN) | 555 |
| Personal name | KONG, KONKEA. |
| 245 ## - TITLE STATEMENT | |
| Title | Study on integrated development program by "prasac II kompong speu program" in oudong district សិក្សាលើកម្មវិធីអភិវឌ្ឍន៏ចំរុះរបស់់កម្មវធីប្រាសាក់ពីរ ខេត្ដកំពង់ស្ពឺ នៅស្រុកឧដុង្គ |
| 260 ## - PUBLICATION, DISTRIBUTION, ETC. (IMPRINT) | |
| Place of publication, distribution, etc. | Phnom Penh |
| Name of publisher, distributor, etc. | RUA |
| Date of publication, distribution, etc. | 2003 |
| 300 ## - PHYSICAL DESCRIPTION | |
| Extent | 47p. |
| Other physical details | ill. |
| Dimensions | 29cm. |
| 942 ## - ADDED ENTRY ELEMENTS (KOHA) | |
| Source of classification or shelving scheme | |
| Koha item type | AGR |
| Price effective from | Date last seen | Permanent Location | Not for loan | Date acquired | Source of classification or shelving scheme | Koha item type | Barcode | Lost status | Damaged status | Shelving location | Withdrawn status | Current Location | Full call number |
|---|---|---|---|---|---|---|---|---|---|---|---|---|---|
| 2015-09-16 | 2015-09-16 | Library Block B | 2015-09-16 | AGR | RUA001253 | B028 | Library Block B | AGR KON 2003 B028 Or.1 | |||||
| 2015-09-16 | 2015-09-16 | Library Block B | 2015-09-16 | AGR | RUA001104 | B028 | Library Block B | AGR KON 2003 B028 Or.2 | |||||
| 2015-09-16 | 2015-09-16 | Library Block B | 2015-09-16 | AGR | RUA001181 | B028 | Library Block B | AGR KON 2003 B028 Or.3 | |||||
| 2015-09-16 | 2015-09-16 | Library Block B | 2015-09-16 | AGR | RUA001325 | B028 | Library Block B | AGR KON 2003 B028 Or.4 | |||||
| 2015-09-16 | 2015-09-16 | Library Block B | 2015-09-16 | AGR | RUA001109 | B028 | Library Block B | AGR KON 2003 B028 Or.5 | |||||
| 2015-09-16 | 2015-09-16 | Library Block B | 2015-09-16 | AGR | RUA001593 | B028 | Library Block B | AGR KON 2003 B028 Or.6 |